[Event "Ì15Ï"]
[Site "Loo"]
[Date "2017.04.28"]
[Round "9.53"]
[White "Äçàãîâ, Êàìáóëàò."]
[Black "Èâàíîâ, Èëüÿ."]
[Result "0-1"]
[WhiteElo "1727"]
[BlackElo "1498"]
[PlyCount "64"]
[EventDate "2017.04.20"]

1. e4 e6 2. Nf3 d5 3. Nc3 Nf6 4. e5 Nfd7 5. d4 c5 6. dxc5 Bxc5 7. Bd3 Nc6 8.
Qe2 Nd4 9. Nxd4 Bxd4 10. Nb5 Bxe5 11. f4 Bb8 12. O-O Nf6 13. f5 O-O 14. Bg5 e5
15. c4 d4 16. c5 Bd7 17. Nd6 Bxd6 18. cxd6 Re8 19. Bd2 Bc6 20. Bb4 Qb6 21. Qd2
e4 22. Ba5 Qc5 23. Bb4 Qd5 24. Bc2 d3 25. Bb3 Qd4+ 26. Kh1 e3 27. Qc3 Qe4 28.
Rf3 a5 29. Bc5 Ng4 30. Bxe3 Nxe3 31. Re1 Nd5 32. Rxe4 Nxc3 0-1

[Event "Ì15Ï"]
[Site "Loo"]
[Date "2017.04.28"]
[Round "9.54"]
[White "Àñòàõîâ, Äìèòðèé."]
[Black "Êîíîòîï, Äàíèèë."]
[Result "1/2-1/2"]
[WhiteElo "1495"]
[BlackElo "1620"]
[PlyCount "93"]
[EventDate "2017.04.20"]

1. d4 d6 2. c4 e5 3. dxe5 dxe5 4. Qxd8+ Kxd8 5. Nf3 f6 6. e4 Bc5 7. Nc3 c6 8.
Na4 Bb4+ 9. Bd2 Bxd2+ 10. Nxd2 Kc7 11. O-O-O Ne7 12. c5 Be6 13. Bc4 Bxc4 14.
Nxc4 Nd7 15. b4 b5 16. cxb6+ Nxb6 17. Ncb2 Ng6 18. g3 Rhd8 19. Nc5 Nf8 20. f4
exf4 21. gxf4 Rxd1+ 22. Rxd1 Rd8 23. Rxd8 Kxd8 24. Kd2 Ke7 25. Kd3 Ne6 26. Nxe6
Kxe6 27. Kd4 g5 28. fxg5 fxg5 29. Nd3 Nd7 30. e5 Nf8 31. Ke4 Ng6 32. Nc5+ Ke7
33. Kf5 Nh4+ 34. Kxg5 Nf3+ 35. Kh6 Nxh2 36. a4 Ng4+ 37. Kxh7 Nxe5 38. b5 cxb5
39. axb5 Kd6 40. Na4 Nd7 41. Kg6 Nb6 42. Nc3 Kc5 43. Kg5 Kd4 44. Nb1 Kc4 45.
Kf4 Kxb5 46. Ke3 Kc4 47. Kd2 1/2-1/2

[Event "Ì15Ï"]
[Site "Loo"]
[Date "2017.04.28"]
[Round "9.55"]
[White "Ðÿõîâñêèé, Ìàðê."]
[Black "Áóðäèí, Øàõðîì."]
[Result "1/2-1/2"]
[WhiteElo "1364"]
[BlackElo "1579"]
[PlyCount "80"]
[EventDate "2017.04.20"]

1. c4 e5 2. Nc3 Nf6 3. Nf3 Nc6 4. e3 Be7 5. Be2 O-O 6. d4 exd4 7. exd4 d5 8. b3
Bb4 9. Bb2 b6 10. O-O Bb7 11. a3 Be7 12. Rc1 Re8 13. b4 dxc4 14. d5 Nb8 15.
Bxc4 c6 16. dxc6 Nxc6 17. Ng5 Ne5 18. Ba2 h6 19. Re1 Qxd1 20. Rcxd1 Bf8 21. Nb5
hxg5 22. Bxe5 Ng4 23. Bd6 Rxe1+ 24. Rxe1 a6 25. Bxf8 axb5 26. Bd6 Rxa3 27. Re8+
Kh7 28. Bb1+ g6 29. h3 Ra1 30. Re1 Be4 31. hxg4 Rxb1 32. Rxb1 Bxb1 33. Bc7 Kg7
34. Kh2 Be4 35. Kg3 Kf6 36. Bxb6 Ke7 37. Bc5+ Ke6 38. f3 Bd5 39. Bd4 Bc4 40.
Kf2 Bd5 1/2-1/2

[Event "Ì15Ï"]
[Site "Loo"]
[Date "2017.04.28"]
[Round "9.56"]
[White "Ôèðñòîâ, Òèìóð."]
[Black "Ïåðåãóäîâ, Äåíèñ."]
[Result "0-1"]
[WhiteElo "1412"]
[BlackElo "1568"]
[PlyCount "84"]
[EventDate "2017.04.20"]

1. e4 c6 2. d4 d5 3. e5 Bf5 4. g4 Bd7 5. h4 e6 6. h5 c5 7. c3 Qb6 8. Nf3 Bb5 9.
Bxb5+ Qxb5 10. a3 Nc6 11. b4 cxd4 12. cxd4 Nge7 13. Nc3 Qb6 14. O-O Nc8 15. Na4
Qc7 16. Bb2 Nb6 17. Nxb6 Qxb6 18. Rc1 Be7 19. Ne1 O-O 20. f4 a5 21. Nc2 axb4
22. axb4 Nxb4 23. Nxb4 Bxb4 24. Ra1 Rxa1 25. Qxa1 Rc8 26. Rc1 Rxc1+ 27. Qxc1
Qc6 28. Qxc6 bxc6 29. Kf2 c5 30. dxc5 Bxc5+ 31. Kf3 g6 32. hxg6 hxg6 33. f5
gxf5 34. gxf5 Kg7 35. Kf4 Kh6 36. Kg4 Bb6 37. Bc1+ Kg7 38. fxe6 fxe6 39. Bg5
Kg6 40. Bd2 Bd4 41. Bf4 Bc3 42. Kf3 Kf5 0-1

[Event "Ì15Ï"]
[Site "Loo"]
[Date "2017.04.28"]
[Round "9.57"]
[White "Äÿøêèí, Äìèòðèé."]
[Black "Ðîìàíîâ, Àëüàìèí."]
[Result "1-0"]
[WhiteElo "1568"]
[BlackElo "1495"]
[PlyCount "47"]
[EventDate "2017.04.20"]

1. e4 c5 2. Nf3 d6 3. d4 cxd4 4. Nxd4 Nf6 5. Nc3 a6 6. Bg5 Nbd7 7. f4 e5 8. Nf5
Nc5 9. fxe5 Bxf5 10. exf6 gxf6 11. Qd4 Rg8 12. Bxf6 Ne6 13. Qa4+ b5 14. Bxb5+
axb5 15. Qxb5+ Qd7 16. exf5 Qxb5 17. Nxb5 Nf4 18. Nc7+ Kd7 19. Nxa8 Nxg2+ 20.
Kf2 d5 21. Nb6+ Kc6 22. Na4 Nf4 23. Kf3 Nh5 24. Bh4 1-0

[Event "Ì15Ï"]
[Site "Loo"]
[Date "2017.04.28"]
[Round "9.58"]
[White "Ëåáåäåâ, Ìàòâåé."]
[Black "Åôàíîâ, Àëåêñåé."]
[Result "0-1"]
[WhiteElo "1189"]
[BlackElo "1567"]
[PlyCount "50"]
[EventDate "2017.04.20"]

1. d4 Nf6 2. c4 e6 3. Nf3 b6 4. Bf4 Bb7 5. e3 d5 6. Nc3 Bd6 7. Bg3 Bxg3 8. hxg3
Nbd7 9. cxd5 Nxd5 10. Nxd5 Bxd5 11. Bd3 Nf6 12. Rc1 Qd6 13. a3 c5 14. dxc5 bxc5
15. Bb5+ Ke7 16. O-O Rhb8 17. Qe2 Qb6 18. Bd3 Qxb2 19. Qxb2 Rxb2 20. Rxc5 Rd8
21. Rc7+ Rd7 22. Rxd7+ Nxd7 23. a4 Nc5 24. Ne5 f6 25. Nc4 Rb4 0-1

[Event "Ì15Ï"]
[Site "Loo"]
[Date "2017.04.28"]
[Round "9.59"]
[White "Áåçóõîâ, Àëåêñàíäð."]
[Black "Òèòîâè÷, Ìèõàèë."]
[Result "1-0"]
[WhiteElo "1564"]
[BlackElo "1440"]
[PlyCount "77"]
[EventDate "2017.04.20"]

1. e4 e6 2. d4 d5 3. e5 c5 4. c3 Nc6 5. Nf3 Qb6 6. a3 cxd4 7. cxd4 Nge7 8. b4
Nf5 9. Bb2 Bd7 10. g4 Nfe7 11. Nc3 Ng6 12. Qd2 Be7 13. Rc1 O-O 14. h4 h6 15. h5
Nh8 16. Bd3 f6 17. Na4 Qd8 18. exf6 Rxf6 19. Ne5 Nxe5 20. dxe5 Rf8 21. Qc2 Bg5
22. Bh7+ Kf7 23. Rh3 Bxa4 24. Rf3+ Ke8 25. Qxa4+ Ke7 26. Rxf8 Kxf8 27. Rc3 Ke7
28. Qb5 Qd7 29. Qc5+ Ke8 30. Rf3 Be7 31. Qe3 Bg5 32. Qd3 Ke7 33. b5 Rf8 34. a4
Rxf3 35. Qxf3 Qc7 36. Bg8 Qc4 37. Ba3+ Kd7 38. Bxe6+ Kxe6 39. Qf5# 1-0

[Event "Ì15Ï"]
[Site "Loo"]
[Date "2017.04.28"]
[Round "9.60"]
[White "Àíòîíîâ, Àíäðåé."]
[Black "Ìèêèåâ, Êëèì."]
[Result "1-0"]
[WhiteElo "1373"]
[BlackElo "1511"]
[PlyCount "73"]
[EventDate "2017.04.20"]

1. f4 c5 2. Nf3 Nf6 3. Nc3 d5 4. e3 g6 5. b3 Bg7 6. Bb2 O-O 7. Ne2 Nc6 8. Ng3
Re8 9. Be2 Bg4 10. O-O Bxf3 11. Bxf3 e5 12. Be2 e4 13. f5 d4 14. fxg6 hxg6 15.
Bb5 Rc8 16. Ne2 dxe3 17. dxe3 Ng4 18. Bxg7 Kxg7 19. Qc1 Rh8 20. Qb2+ Kg8 21.
Bc4 Nce5 22. h3 Nxc4 23. bxc4 Nxe3 24. Rf2 Qc7 25. Qc3 Nf5 26. Nf4 e3 27. Rff1
Ng3 28. Qxe3 Nxf1 29. Rxf1 Kg7 30. Nd5 Qd6 31. Qc3+ Kg8 32. Rf6 Qd8 33. Qe5 Rh5
34. Ne7+ Kh8 35. Rf5+ Kh7 36. Rxf7+ Kh6 37. Qg7+ 1-0

[Event "Ì15Ï"]
[Site "Loo"]
[Date "2017.04.28"]
[Round "9.61"]
[White "Æóê, Êèðèëë."]
[Black "Þñóïîâ, Ìàðê."]
[Result "1-0"]
[WhiteElo "1641"]
[BlackElo "1280"]
[PlyCount "63"]
[EventDate "2017.04.20"]

1. e4 d5 2. exd5 Qxd5 3. Nf3 Bg4 4. Be2 Nc6 5. d4 O-O-O 6. Be3 Nf6 7. Nbd2 e6
8. c4 Qd6 9. a3 h5 10. b4 e5 11. d5 Nd4 12. Bxd4 exd4 13. Nxd4 Re8 14. O-O Qe5
15. N2f3 Bxf3 16. Bxf3 Bd6 17. g3 h4 18. Re1 Qg5 19. Rxe8+ Rxe8 20. Bg2 hxg3
21. hxg3 g6 22. Qd3 Qh6 23. c5 Bf8 24. Rd1 Bg7 25. c6 Kb8 26. cxb7 Kxb7 27. d6+
Kc8 28. Qa6+ Kd8 29. dxc7+ Kxc7 30. Qc6+ Kd8 31. Nf5+ Nd5 32. Rxd5# 1-0

[Event "Ì15Ï"]
[Site "Loo"]
[Date "2017.04.28"]
[Round "9.63"]
[White "Âîëîäèí, Àíäðåé."]
[Black "Êîäçîåâ, Àëåêñàíäð."]
[Result "1-0"]
[WhiteElo "1467"]
[BlackElo "1229"]
[PlyCount "39"]
[EventDate "2017.04.20"]

1. e4 c5 2. Nf3 d6 3. d4 cxd4 4. Nxd4 Nf6 5. Nc3 g6 6. f3 Bg7 7. Be3 O-O 8. Qd2
Nc6 9. Nb3 Bd7 10. Bh6 Rc8 11. h4 Ne5 12. O-O-O Nc4 13. Bxc4 Rxc4 14. h5 Bxh6
15. Qxh6 Be6 16. hxg6 fxg6 17. e5 Nh5 18. g4 Rxf3 19. gxh5 gxh5 20. Qxe6+ 1-0

[Event "Ì15Ï"]
[Site "Loo"]
[Date "2017.04.28"]
[Round "9.64"]
[White "Ïåòÿêîâ, Ýìèð."]
[Black "Øè, Ìàêñèì."]
[Result "1-0"]
[WhiteElo "1191"]
[BlackElo "1462"]
[PlyCount "57"]
[EventDate "2017.04.20"]

1. h4 d5 2. d4 c6 3. Bf4 Qb6 4. Qc1 Bf5 5. e3 Nf6 6. Be2 e6 7. Nd2 Nbd7 8. f3
h6 9. Nh3 Bxh3 10. Rxh3 Nh5 11. Bh2 Be7 12. Nb3 c5 13. c3 Rc8 14. Qd2 Bd6 15.
g4 Bxh2 16. Rxh2 Ng3 17. O-O-O Nxe2+ 18. Qxe2 c4 19. Nd2 a5 20. e4 dxe4 21.
Nxe4 Kd8 22. d5 Re8 23. g5 h5 24. Qd2 Rc7 25. g6 fxg6 26. Ng5 Kc8 27. dxe6 Nf6
28. Re2 Ree7 29. Qd8# 1-0

[Event "Ì15Ï"]
[Site "Loo"]
[Date "2017.04.28"]
[Round "9.66"]
[White "Íàãèáèí, Äàíèëà."]
[Black "Êëþñ, Íèêèòà."]
[Result "0-1"]
[WhiteElo "1239"]
[BlackElo "1384"]
[PlyCount "118"]
[EventDate "2017.04.20"]

1. d4 d5 2. c4 c6 3. Nc3 Nf6 4. Bf4 e6 5. e3 Nbd7 6. Nf3 Bb4 7. a3 Be7 8. Bd3
O-O 9. O-O Re8 10. Ne5 dxc4 11. Nxc4 Nb6 12. Ne5 Nbd5 13. Bg5 Nd7 14. Bxe7 Qxe7
15. h3 Nxc3 16. bxc3 Nxe5 17. dxe5 Qc5 18. Qc2 g6 19. Rfd1 b6 20. Be4 Bb7 21.
Rd7 Reb8 22. Rc7 Qxe5 23. Rxc6 Bxc6 24. Bxc6 Rc8 25. Bxa8 Rxa8 26. Rd1 Rc8 27.
Rd3 Qc5 28. Qb3 Qc4 29. Rd8+ Kg7 30. Qxc4 Rxc4 31. Ra8 a5 32. Rb8 Rxc3 33. a4
Rc1+ 34. Kh2 Rc4 35. Rxb6 Rxa4 36. Ra6 Kf6 37. Ra7 Ra1 38. Kg3 a4 39. Kf4 a3
40. h4 a2 41. f3 h6 42. g4 g5+ 43. hxg5+ hxg5+ 44. Ke4 Kg6 45. Ra6 f6 46. Ra8
f5+ 47. gxf5+ exf5+ 48. Ke5 Re1 49. Ra6+ Kh5 50. Rxa2 Rxe3+ 51. Kxf5 Rxf3+ 52.
Ke4 Kg4 53. Ra8 Rf4+ 54. Ke3 Kh3 55. Rh8+ Rh4 56. Rxh4+ Kxh4 57. Kf2 Kh3 58.
Kg1 Kg3 59. Kh1 Kf2 0-1

[Event "Ì15Ï"]
[Site "Loo"]
[Date "2017.04.28"]
[Round "9.67"]
[White "Àðõèí÷ååâ, Âëàä."]
[Black "Áåëîâ, Ñòåïàí."]
[Result "1-0"]
[WhiteElo "1285"]
[BlackElo "1216"]
[PlyCount "71"]
[EventDate "2017.04.20"]

1. e4 e6 2. d4 d5 3. Nc3 Nf6 4. Bg5 Bb4 5. Bxf6 Qxf6 6. e5 Qd8 7. Qg4 O-O 8.
Nf3 f6 9. Bd3 f5 10. Qf4 Nc6 11. h4 h6 12. Rh3 Qe7 13. Rg3 Bd7 14. Qxh6 Rf7 15.
Rg6 Bxc3+ 16. bxc3 Qa3 17. Kd2 Ne7 18. Rg3 g6 19. h5 Rh7 20. Qg5 Rg7 21. Rh1
Rh7 22. Rhh3 Rg7 23. hxg6 Nxg6 24. Rh6 Be8 25. Qh5 Qe7 26. Ng5 Bf7 27. Rh3 Kf8
28. Nh7+ Rxh7 29. Rxh7 Rd8 30. Qh6+ Ke8 31. Rg3 Nf8 32. Rh8 Kd7 33. Qh4 Qe8 34.
Rg7 Kc8 35. Be2 Rd7 36. Bh5 1-0

[Event "Ì15Ï"]
[Site "Loo"]
[Date "2017.04.28"]
[Round "9.68"]
[White "Òÿí, Îëåã."]
[Black "Øïóðîâ, Àëåêñàíäð."]
[Result "1-0"]
[WhiteElo "1136"]
[BlackElo "1237"]
[PlyCount "40"]
[EventDate "2017.04.20"]

1. e4 c5 2. Nf3 d6 3. d4 cxd4 4. Nxd4 Nf6 5. Nc3 g6 6. f3 Bg7 7. Be3 O-O 8. Qd2
Nc6 9. Bc4 Bd7 10. O-O-O Rc8 11. Bb3 Ne5 12. g4 Nc4 13. Bxc4 Rxc4 14. Kb1 a6
15. h4 b5 16. h5 Nxg4 17. hxg6 Nxe3 18. gxh7+ Kh8 19. Qxe3 Rc7 20. Nd5 Rc5 1-0

[Event "Ì15Ï"]
[Site "Loo"]
[Date "2017.04.28"]
[Round "9.71"]
[White "Ñåðàæèì, Ñòàíèñëàâ."]
[Black "Îíäàð, Òàèð."]
[Result "0-1"]
[WhiteElo "1040"]
[BlackElo "1310"]
[PlyCount "114"]
[EventDate "2017.04.20"]

1. e4 c5 2. Nf3 d6 3. Nc3 Nf6 4. Bb5+ Bd7 5. Bxd7+ Nbxd7 6. d3 g6 7. Bg5 Bg7 8.
O-O h6 9. Bxf6 Bxf6 10. Nd5 Bxb2 11. Rb1 Bg7 12. Rxb7 O-O 13. c4 Nb6 14. Nxb6
axb6 15. Qb3 Rb8 16. Rxb8 Qxb8 17. Rb1 Qa7 18. Qxb6 Qxa2 19. Qb3 Qa5 20. h3 Ra8
21. Qb5 Qa3 22. Qb3 Qa5 23. Qb7 Qa3 24. Qxe7 Qxd3 25. Rb7 Qxc4 26. Qxd6 Qxe4
27. Rb8+ Rxb8 28. Qxb8+ Bf8 29. Qe5 Qb1+ 30. Qe1 Qxe1+ 31. Nxe1 c4 32. Nc2 Bc5
33. Kf1 Kg7 34. Ke2 Kf6 35. f3 Ke5 36. g3 Bg1 37. Kf1 Bd4 38. Ke2 c3 39. Kd3
Bf2 40. Kxc3 Bxg3 41. Kd3 g5 42. Ke3 f5 43. Nb4 Bh2 44. Nd3+ Kd5 45. f4 Bg1+
46. Kf3 Kd4 47. Ne5 gxf4 48. Kxf4 Bh2+ 49. Kxf5 Bxe5 50. Kg4 Ke4 51. Kh5 Bf4
52. Kg4 Bg5 53. h4 Bf4 54. Kh5 Kf3 55. Kg6 Kg4 56. h5 Bg5 57. Kf7 Kxh5 0-1

[Event "Ì17Â"]
[Site "Loo"]
[Date "2017.04.28"]
[Round "9.1"]
[White "Ôàõðóòäèíîâ, Òèìóð."]
[Black "Êàðïåíêî, Àðòåì."]
[Result "1/2-1/2"]
[WhiteElo "2437"]
[BlackElo "2362"]
[PlyCount "114"]
[EventDate "2017.04.20"]

1. e4 c6 2. d4 d5 3. Nc3 dxe4 4. Nxe4 Nf6 5. Nxf6+ gxf6 6. c3 Nd7 7. Nf3 Nb6 8.
g3 Bg4 9. Bg2 Qd7 10. O-O h5 11. Qd3 Bh3 12. a4 a5 13. Re1 Bxg2 14. Kxg2 Nd5
15. Bd2 e6 16. b4 axb4 17. c4 Nc7 18. Qb3 Na6 19. Rad1 O-O-O 20. Be3 Bd6 21.
Ne5 Qc7 22. Nd3 c5 23. dxc5 Nxc5 24. Nxc5 Bxc5 25. Bxc5 Qxc5 26. Qf3 Qc6 27.
Rb1 Qxf3+ 28. Kxf3 h4 29. Rxb4 hxg3 30. hxg3 Rd3+ 31. Re3 Rhd8 32. a5 Kc7 33.
Rb5 Kc6 34. Rb6+ Kc7 35. Rb5 Kc6 36. g4 R8d4 37. Rh5 Rxe3+ 38. fxe3 Rxc4 39.
Rh6 Kb5 40. Rxf6 Rc7 41. g5 Kxa5 42. g6 fxg6 43. Rxe6 Rc6 44. Re8 b5 45. Ke4 b4
46. Kd5 Rc1 47. Ra8+ Kb5 48. Rb8+ Ka4 49. Ra8+ Kb3 50. e4 Rd1+ 51. Ke6 Kc2 52.
Rc8+ Kb2 53. e5 b3 54. Kf6 Re1 55. e6 Ka1 56. Ra8+ Kb1 57. e7 b2 1/2-1/2

[Event "Ì17Â"]
[Site "Loo"]
[Date "2017.04.28"]
[Round "9.2"]
[White "Ýðãåøîâ, Òèìóð."]
[Black "Áûêîâ, Îëåã."]
[Result "1/2-1/2"]
[WhiteElo "2326"]
[BlackElo "2314"]
[PlyCount "83"]
[EventDate "2017.04.20"]

1. d4 Nf6 2. c4 g6 3. Nc3 d5 4. Nf3 Bg7 5. Qb3 dxc4 6. Qxc4 O-O 7. e4 Na6 8.
Be2 c5 9. d5 e6 10. Bg5 h6 11. Bxf6 Qxf6 12. e5 Qd8 13. Rd1 exd5 14. Nxd5 Be6
15. Nf6+ Qxf6 16. exf6 Bxc4 17. Bxc4 Bxf6 18. O-O Rfd8 19. Bxa6 bxa6 20. b3 a5
21. Rc1 Rd5 22. Rc4 Re8 23. Re1 Rxe1+ 24. Nxe1 a4 25. bxa4 Kf8 26. Kf1 Ke7 27.
Ke2 Kd6 28. Nd3 Rd4 29. Nb2 Kd5 30. Rc2 Re4+ 31. Kd3 Bxb2 32. Rxb2 Rxa4 33. Kc3
Ra3+ 34. Kc2 Kd4 35. Kb1 Kd3 36. Rb7 Ra4 37. Rxf7 Kd2 38. Rc7 Rb4+ 39. Ka1 Rb5
40. a4 Ra5 41. Kb2 Rxa4 42. Rxc5 1/2-1/2

[Event "Ì17Â"]
[Site "Loo"]
[Date "2017.04.28"]
[Round "9.3"]
[White "Ñàëåìãàðååâ, Òàãèð."]
[Black "Ëîáàíîâ, Ñåðãåé."]
[Result "1/2-1/2"]
[WhiteElo "2334"]
[BlackElo "2429"]
[PlyCount "121"]
[EventDate "2017.04.20"]

1. d4 Nf6 2. c4 e6 3. Nf3 Bb4+ 4. Nbd2 O-O 5. a3 Be7 6. e4 d5 7. e5 Nfd7 8. b4
dxc4 9. Bxc4 a5 10. b5 c5 11. O-O cxd4 12. Bb2 Nb6 13. Bd3 N8d7 14. Bxd4 Nd5
15. Ne4 b6 16. Qd2 Bb7 17. Rfc1 h6 18. Rc4 Rc8 19. Ra4 Re8 20. Bb2 Nf8 21. Ng3
Ng6 22. Rd1 Bg5 23. Nxg5 Qxg5 24. Qxg5 hxg5 25. Ne4 Ndf4 26. Bb1 Bd5 27. Re1
Bxe4 28. Raxe4 Red8 29. Bc1 Rd5 30. g3 Rxb5 31. Bxf4 gxf4 32. gxf4 Rd8 33. Rc4
Ne7 34. Be4 g6 35. Kg2 Nd5 36. Bf3 Rb3 37. a4 Nb4 38. h4 Rd2 39. Re2 Rxe2 40.
Bxe2 Nd5 41. Bf3 Rb4 42. Bxd5 exd5 43. Rc6 Rxa4 44. Rxb6 Rxf4 45. Rb5 a4 46.
Rxd5 Rxh4 47. Kg3 Rb4 48. Ra5 g5 49. Kf3 Kg7 50. Ra6 Kf8 51. Ra7 Rf4+ 52. Ke3
Ke8 53. Ke2 Kd8 54. Ke3 Kc8 55. f3 Kb8 56. Ra5 Kc7 57. e6 fxe6 58. Rxg5 Rf5 59.
Rg7+ Kb6 60. Rg6 Re5+ 61. Kd4 1/2-1/2

[Event "Ì17Â"]
[Site "Loo"]
[Date "2017.04.28"]
[Round "9.4"]
[White "Ìàð÷óê, Ðîñòèñëàâ."]
[Black "Ãàéôóëëèí, Àðòóð."]
[Result "1-0"]
[WhiteElo "2187"]
[BlackElo "2395"]
[PlyCount "81"]
[EventDate "2017.04.20"]

1. d4 Nf6 2. Bf4 g6 3. e3 Bg7 4. Nf3 O-O 5. Be2 d6 6. h3 Nfd7 7. O-O e5 8. Bh2
Qe7 9. c4 f5 10. Nc3 e4 11. Nd2 Nf6 12. b4 g5 13. c5 d5 14. Qb3 Be6 15. f3 Qd7
16. fxe4 fxe4 17. b5 c6 18. a4 Rf7 19. a5 a6 20. Bxb8 Rxb8 21. bxa6 g4 22. hxg4
Bxg4 23. Bxg4 Nxg4 24. Ne2 Qc7 25. Rxf7 Qxf7 26. Nf4 Bxd4 27. a7 Rf8 28. exd4
Qxf4 29. Qh3 e3 30. Nf3 e2 31. Qh4 Qe3+ 32. Kh1 Qxd4 33. Qg5+ Kh8 34. Re1 h6
35. Qe7 Qf6 36. Rxe2 Qa1+ 37. Ng1 Qg7 38. Qxg7+ Kxg7 39. Re7+ Kf6 40. Rxb7 Ra8
41. Nf3 1-0

[Event "Ì17Â"]
[Site "Loo"]
[Date "2017.04.28"]
[Round "9.5"]
[White "Æèòíèêîâ, Êîíñòàíòèí."]
[Black "Àñòàôóðîâ, Àðñåíèé."]
[Result "1-0"]
[WhiteElo "2262"]
[BlackElo "2163"]
[PlyCount "90"]
[EventDate "2017.04.20"]

1. e4 c5 2. Nf3 e6 3. c3 d5 4. exd5 exd5 5. d4 Nc6 6. Bb5 Bd6 7. dxc5 Bxc5 8.
O-O Nge7 9. Nbd2 O-O 10. Nb3 Bb6 11. h3 Qd6 12. Nbd4 Nf5 13. Nxf5 Bxf5 14. Bd3
Bxd3 15. Qxd3 Bc7 16. Be3 Rfe8 17. Rad1 Rad8 18. Rfe1 Ne5 19. Nxe5 Rxe5 20. g3
Qe6 21. Kg2 h5 22. Bd2 Re4 23. f3 Rxe1 24. Rxe1 Qb6 25. b3 Qc6 26. h4 Bb6 27.
Be3 Re8 28. Qd2 Bc7 29. Bd4 Rxe1 30. Qxe1 Qg6 31. Bf2 Kh7 32. Qe7 Bb6 33. Bxb6
axb6 34. Qe2 Qb1 35. Qd2 f6 36. Kf2 Kg6 37. Kg2 Qf5 38. Qe2 Kf7 39. Qd2 Qe5 40.
Kf2 g5 41. hxg5 fxg5 42. Qd3 Ke7 43. Qb5 Qe6 44. Qb4+ Kf6 45. Qf8+ Kg6 1-0

[Event "Ì17Â"]
[Site "Loo"]
[Date "2017.04.28"]
[Round "9.6"]
[White "Ãàñàíîâ, Çàóð."]
[Black "ßøìåòîâ, Ìèõàèë."]
[Result "1/2-1/2"]
[WhiteElo "2264"]
[BlackElo "2322"]
[PlyCount "84"]
[EventDate "2017.04.20"]

1. c4 e5 2. Nc3 Nf6 3. g3 d5 4. cxd5 Nxd5 5. Bg2 Nb6 6. Nf3 Nc6 7. O-O Be7 8.
d3 O-O 9. a3 Be6 10. b4 a5 11. b5 Nd4 12. Nxd4 exd4 13. Na4 Bd5 14. Nxb6 cxb6
15. e4 dxe3 16. Bxe3 Bc5 17. d4 Be7 18. Qh5 Bxg2 19. Kxg2 a4 20. Rfd1 Qd7 21.
d5 Bc5 22. Bxc5 bxc5 23. d6 b6 24. Qd5 Rac8 25. Qc4 Rfe8 26. Qxa4 Re6 27. Qa6
Rb8 28. Qa4 Rxd6 29. Rxd6 Qxd6 30. Rd1 Qe7 31. Qg4 Rd8 32. Rxd8+ Qxd8 33. Qe4
g6 34. Qc6 Qb8 35. a4 Qa7 36. Qc8+ Kg7 37. Qa6 Qc7 38. a5 bxa5 39. Qc6 Qe5 40.
b6 a4 41. Qxa4 Qd5+ 42. Kg1 c4 1/2-1/2

[Event "Ì17Â"]
[Site "Loo"]
[Date "2017.04.28"]
[Round "9.7"]
[White "Ñàèäîâ, Áèëóõàæ."]
[Black "Çàé÷èêîâ, Àíäðåé."]
[Result "0-1"]
[WhiteElo "2209"]
[BlackElo "2120"]
[PlyCount "51"]
[EventDate "2017.04.20"]

1. d4 Nf6 2. Bf4 g6 3. Nd2 Bg7 4. Ngf3 O-O 5. e3 d6 6. h3 Nfd7 7. Bh2 e5 8. Be2
Nc6 9. c3 f5 10. O-O e4 11. Ne1 Qe7 12. b4 Nf6 13. Rb1 g5 14. c4 Re8 15. b5 Nd8
16. Nc2 Ne6 17. Nb3 f4 18. d5 f3 19. dxe6 fxe2 20. Qxe2 Bxe6 21. Nbd4 Bd7 22.
Nb4 g4 23. h4 Nh5 24. Nd5 Qxh4 25. Nxc7 Rac8 26. Nd5 0-1

[Event "Ì17Â"]
[Site "Loo"]
[Date "2017.04.28"]
[Round "9.8"]
[White "Àáðàìîâ, Íèêèòà."]
[Black "Ñóâîðîâ, Àëåêñàíäð."]
[Result "1/2-1/2"]
[WhiteElo "2340"]
[BlackElo "2107"]
[PlyCount "64"]
[EventDate "2017.04.20"]

1. e4 c5 2. Nf3 Nc6 3. Bb5 g6 4. Bxc6 bxc6 5. O-O Bg7 6. c3 e5 7. d4 cxd4 8.
cxd4 exd4 9. Nxd4 Ne7 10. Nc3 O-O 11. Re1 Bb7 12. Bg5 h6 13. Bf4 d5 14. Nb3
dxe4 15. Nc5 Bc8 16. N5xe4 Nd5 17. Bd6 Re8 18. Nxd5 cxd5 19. Qxd5 Be6 20. Qd2
Qb6 21. Ba3 Rad8 22. Qf4 Bd5 23. Nc3 Ba8 24. Qg3 Qc6 25. Rxe8+ Rxe8 26. h4 Be5
27. Qh3 Bd4 28. Qg3 Be5 29. Qh3 Bd4 30. Qg3 Be5 31. Qh3 Bd4 32. Qg3 Be5 1/2-1/2

[Event "Ì17Â"]
[Site "Loo"]
[Date "2017.04.28"]
[Round "9.9"]
[White "Ðóäåíêî, Íàóì."]
[Black "Øèíêåâè÷, Ìàêñèì."]
[Result "1-0"]
[WhiteElo "2263"]
[BlackElo "2020"]
[PlyCount "95"]
[EventDate "2017.04.20"]

1. e4 c5 2. Nf3 Nc6 3. c3 e6 4. d4 d5 5. e5 Qb6 6. a3 c4 7. g3 Bd7 8. Bh3 Nge7
9. O-O Na5 10. Nbd2 Nb3 11. Nxb3 Ba4 12. Nfd2 Nc6 13. f4 g6 14. Bg2 Na5 15. g4
Nxb3 16. Nxb3 Bxb3 17. Qe2 Bh6 18. f5 Bxc1 19. Raxc1 Ba4 20. fxe6 fxe6 21. Rf6
O-O-O 22. Rcf1 Rhe8 23. R1f2 Qb3 24. Bh3 Rd7 25. Kg2 Qd1 26. Qxd1 Bxd1 27. Kg3
Rg7 28. Kh4 g5+ 29. Kh5 Ree7 30. Bg2 Kd7 31. Bf3 Ba4 32. h4 gxh4 33. Kxh4 Kd8
34. g5 Be8 35. Bh5 Ba4 36. Bf7 Bd7 37. Bh5 Ba4 38. Bg4 Bd7 39. Rf8+ Kc7 40.
R2f6 b5 41. Kh5 Be8+ 42. Kh4 Bd7 43. Bh5 a5 44. Rh6 Kb6 45. Rff6 b4 46. axb4
axb4 47. Bg4 bxc3 48. bxc3 1-0

[Event "Ì17Â"]
[Site "Loo"]
[Date "2017.04.28"]
[Round "9.10"]
[White "Âàñèë¸íîê, Àíòîí."]
[Black "Ñåëèâàíîâ, Èâàí."]
[Result "1/2-1/2"]
[WhiteElo "2174"]
[BlackElo "2259"]
[PlyCount "84"]
[EventDate "2017.04.20"]

1. e4 c5 2. Nf3 a6 3. c3 e6 4. d4 d5 5. e5 Bd7 6. Bd3 Nc6 7. O-O Qb6 8. Nbd2
cxd4 9. cxd4 Nxd4 10. Nxd4 Qxd4 11. Nf3 Qg4 12. h3 Qa4 13. b3 Qa5 14. Ng5 Bb5
15. Qh5 g6 16. Qf3 Qc7 17. Bxb5+ axb5 18. Qd3 Qd7 19. Be3 Ba3 20. Rfd1 Bb2 21.
Rab1 Bxe5 22. Rbc1 Nf6 23. Nf3 Bd6 24. Bd4 Ke7 25. Qe3 h6 26. Ne5 Qd8 27. Re1
Kf8 28. Qf4 Kg7 29. Rc3 g5 30. Rg3 Kh7 31. Qe3 Bxe5 32. Qxe5 Nh5 33. Rc3 Re8
34. Rc7 Re7 35. Rxe7 Qxe7 36. g4 f6 37. Qxe6 Qxe6 38. Rxe6 Nf4 39. Re7+ Kg6 40.
Kh2 Rxa2 41. Rxb7 Ne6 42. Ba7 Ra3 1/2-1/2

[Event "Ì17Â"]
[Site "Loo"]
[Date "2017.04.28"]
[Round "9.11"]
[White "Áîãäàíîâ, Íèêèòà."]
[Black "Øàíäðûãèí, Íèêèòà."]
[Result "1/2-1/2"]
[WhiteElo "2073"]
[BlackElo "2222"]
[PlyCount "50"]
[EventDate "2017.04.20"]

1. e4 c5 2. Nf3 e6 3. d4 cxd4 4. Nxd4 Nc6 5. Nc3 Qc7 6. Be2 a6 7. Be3 Nf6 8.
O-O Be7 9. f4 d6 10. Kh1 O-O 11. Qe1 Nxd4 12. Bxd4 b5 13. a3 Bb7 14. Qg3 Rfd8
15. Bf3 Ne8 16. Rad1 Bf6 17. e5 dxe5 18. Bxe5 Qc8 19. Rxd8 Bxd8 20. Bxb7 Qxb7
21. Rd1 Be7 22. Re1 Qc6 23. h3 f6 24. Bd4 Nc7 25. Qe3 Kf7 1/2-1/2

[Event "Ì17Â"]
[Site "Loo"]
[Date "2017.04.28"]
[Round "9.12"]
[White "Ìàëûøåâ, Ãðèãîðèé."]
[Black "Ãîëèêîâ, Äàíèèë."]
[Result "1-0"]
[WhiteElo "2383"]
[BlackElo "2175"]
[PlyCount "93"]
[EventDate "2017.04.20"]

1. d4 d5 2. c4 c6 3. Nf3 Nf6 4. e3 e6 5. b3 Nbd7 6. Bd3 Bd6 7. Bb2 b6 8. Nbd2
Bb7 9. O-O O-O 10. Ne5 c5 11. f4 cxd4 12. exd4 Ne4 13. cxd5 Nxd2 14. Qxd2 Bxd5
15. Nc4 Nf6 16. Qe2 Bb7 17. Rac1 Nd5 18. Ne5 g6 19. Be4 Rc8 20. g3 Rxc1 21.
Rxc1 Qa8 22. Bg2 Rd8 23. h4 Ne7 24. Ng4 Bxg2 25. Qxg2 Qxg2+ 26. Kxg2 Nd5 27.
Kf3 h5 28. Nf2 Bf8 29. a3 Rd7 30. Ne4 Be7 31. Rc8+ Rd8 32. Rc6 Kf8 33. b4 a6
34. Nc3 Nxc3 35. Bxc3 Rd6 36. Rc8+ Rd8 37. Rc7 b5 38. Ke3 Ke8 39. Ra7 Rd6 40.
d5 exd5 41. Be5 Re6 42. Kd4 Bf6 43. Kxd5 Bxe5 44. fxe5 Kf8 45. Rd7 Re8 46. Rd6
Rc8 47. Rxa6 1-0

[Event "Ì17Â"]
[Site "Loo"]
[Date "2017.04.28"]
[Round "9.13"]
[White "Ãðèãîðüåâ, Èëüÿ."]
[Black "Ñìîð÷êîâ, Äàíèë."]
[Result "1-0"]
[WhiteElo "2309"]
[BlackElo "2151"]
[PlyCount "59"]
[EventDate "2017.04.20"]

1. b3 d5 2. Bb2 Nf6 3. d3 c5 4. Nd2 Nc6 5. g3 e5 6. Bg2 Be7 7. e4 O-O 8. Ne2
Re8 9. O-O Bf8 10. h3 Be6 11. f4 exf4 12. gxf4 dxe4 13. dxe4 Nd4 14. Nxd4 cxd4
15. e5 Nd5 16. Bxd4 Qh4 17. Qf3 Rad8 18. c3 b5 19. Ne4 b4 20. f5 Bc8 21. c4 Nc3
22. Bxc3 bxc3 23. Qxc3 Qh5 24. e6 Kh8 25. Rae1 Bb7 26. Ng3 Bc5+ 27. Kh2 Qg5 28.
Bxb7 Rd2+ 29. Re2 Red8 30. Bd5 1-0

[Event "Ì17Â"]
[Site "Loo"]
[Date "2017.04.28"]
[Round "9.14"]
[White "Ìåñòíèêîâ, Àéòàë."]
[Black "Êàëàáóõîâ, Áîãäàí."]
[Result "0-1"]
[WhiteElo "2163"]
[BlackElo "2263"]
[PlyCount "59"]
[EventDate "2017.04.20"]

1. e4 c5 2. Nf3 d6 3. d4 cxd4 4. Nxd4 Nf6 5. Nc3 a6 6. Bg5 Nbd7 7. f4 Qc7 8.
Qe2 e5 9. Nf5 h6 10. Bxf6 Nxf6 11. O-O-O exf4 12. Nd5 Nxd5 13. exd5+ Be7 14.
Nxg7+ Kf8 15. Nh5 Rg8 16. Qf2 Bg4 17. Be2 Rc8 18. Bxg4 Rxg4 19. Kb1 Bg5 20. Rd3
Rh4 21. Rc3 Qd7 22. Rxc8+ Qxc8 23. Qd4 Qf5 24. Qh8+ Ke7 25. Re1+ Kd7 26. Qb8
Qxd5 27. Ng7 Rxh2 28. a3 Bf6 29. Ne8 Be5 30. c4 0-1